[Event "GER-ch Net blitz qual3"]
[Site "Playchess.com INT"]
[Date "2021.05.07"]
[Round "8"]
[White "Sato, Kai Nathan"]
[Black "Schmidt, Gunar"]
[Result "1-0"]
[WhiteElo "1582"]
[BlackElo "1654"]
[PlyCount "45"]
[EventDate "2021.05.07"]
[EventType "swiss (blitz)"]
[EventRounds "11"]
[EventCountry "GER"]
[SourceTitle "CBM 202 Extra"]
[Source "ChessBase"]
[SourceDate "2021.07.31"]
[SourceVersion "1"]
[SourceVersionDate "2021.07.31"]
[SourceQuality "1"]

1. e4 e5 2. Qh5 Qe7 3. Bc4 Nf6 4. Qf3 Nc6 5. Nc3 d6 6. d3 Nd4 7. Qd1 Bg4 8. f3 Be6 9. Bxe6 Qxe6 10. Nge2 Nc6 11. 0-0 Be7 12. Ng3 g6 13. Bg5 0-0-0 14. Bxf6 Bxf6 15. Nd5 Bh4 16. c4 Bxg3 17. hxg3 Nd4 18. Qa4 Nc6 19. b4 a6 20. b5 axb5 21. cxb5 Nb8 22. Qc4 Qd7 23. Nb6# 1-0

[Event "GER-ch Net blitz qual2"]
[Site "Playchess.com INT"]
[Date "2021.05.04"]
[Round "5"]
[White "Barz, Stephan"]
[Black "Schmidt, Gunar"]
[Result "0-1"]
[WhiteElo "1538"]
[BlackElo "1654"]
[PlyCount "80"]
[EventDate "2021.05.04"]
[EventType "swiss (blitz)"]
[EventRounds "11"]
[EventCountry "GER"]
[SourceTitle "CBM 202 Extra"]
[Source "ChessBase"]
[SourceDate "2021.07.31"]
[SourceVersion "1"]
[SourceVersionDate "2021.07.31"]
[SourceQuality "1"]

1. e4 e5 2. Nf3 Nc6 3. Bc4 Nf6 4. d3 Bc5 5. c3 0-0 6. 0-0 d6 7. Bg5 h6 8. Bxf6 Qxf6 9. Nbd2 Bg4 10. b4 Bb6 11. a4 a5 12. b5 Ne7 13. Bb3 Ng6 14. h3 Bh5 15. Rc1 Nf4 16. Kh2 Qg6 17. g3 Nxd3 18. Qc2 Bxf3 19. Qxd3 Bh5 20. g4 Bxg4 21. hxg4 Qxg4 22. Qg3 Qh5+ 23. Kg2 Rad8 24. Rh1 Qe2 25. Nf3 Qxe4 26. Rxh6 d5 27. Rch1 f6 28. Rh8+ Kf7 29. Rxf8+ Rxf8 30. Qh3 Qg6+ 31. Kh2 c6 32. bxc6 bxc6 33. Rg1 Qh6 34. Qxh6 gxh6 35. Rg2 e4 36. Nh4 Bc7+ 37. Kh3 Re8 38. Nf5 Re5 39. Nxh6+ Ke6 40. Ng4 Rh5# 0-1

[Event "GER-ch Net blitz qual2"]
[Site "Playchess.com INT"]
[Date "2021.05.04"]
[Round "9"]
[White "Schmidt, Gunar"]
[Black "Juergens, Florian"]
[Result "0-1"]
[WhiteElo "1654"]
[BlackElo "1885"]
[PlyCount "38"]
[EventDate "2021.05.04"]
[EventType "swiss (blitz)"]
[EventRounds "11"]
[EventCountry "GER"]
[SourceTitle "CBM 202 Extra"]
[Source "ChessBase"]
[SourceDate "2021.07.31"]
[SourceVersion "1"]
[SourceVersionDate "2021.07.31"]
[SourceQuality "1"]

1. e4 c5 2. c3 Nc6 3. d4 cxd4 4. cxd4 e6 5. Nf3 Qc7 6. Nc3 Nf6 7. g3 Bb4 8. Bg2 Nxe4 9. 0-0 Nxc3 10. bxc3 Bxc3 11. Rb1 0-0 12. Bf4 d6 13. Rc1 Qa5 14. Bxd6 Rd8 15. Be5 Nxe5 16. Nxe5 Bxd4 17. Qe2 Qxe5 18. Qxe5 Bxe5 19. Rc7 Bxc7 0-1

[Event "GER-ch Net blitz qual1"]
[Site "Playchess.com INT"]
[Date "2021.04.24"]
[Round "4"]
[White "Schmidt, Gunar"]
[Black "Dahl, Christoph"]
[Result "0-1"]
[WhiteElo "1531"]
[BlackElo "2246"]
[PlyCount "54"]
[EventDate "2021.04.24"]
[EventType "swiss (blitz)"]
[EventRounds "11"]
[EventCountry "GER"]
[SourceTitle "CBM 202 Extra"]
[Source "ChessBase"]
[SourceDate "2021.07.31"]
[SourceVersion "1"]
[SourceVersionDate "2021.07.31"]
[SourceQuality "1"]

1. e4 c5 2. c3 d5 3. exd5 Qxd5 4. d4 Nf6 5. Nf3 Bg4 6. Be2 e6 7. 0-0 Nc6 8. Be3 cxd4 9. cxd4 Bb4 10. Nc3 Qd6 11. a3 Ba5 12. Nb5 Qe7 13. b4 Bb6 14. h3 Bh5 15. Rc1 0-0 16. Qd3 Bg6 17. Qd2 Rfd8 18. Rfd1 a6 19. Nc3 Ba7 20. b5 axb5 21. Bxb5 Ne4 22. Bxc6 Nxd2 23. Bxb7 Qxb7 24. Nxd2 Bxd4 25. Bxd4 Rxd4 26. Ne2 Rd7 27. Rb1 Bxb1 0-1